<?xml version="1.0" encoding="UTF-8"?>
<record
    xmlns:xsi="http://www.w3.org/2001/XMLSchema-instance"
    xsi:schemaLocation="http://www.loc.gov/MARC21/slim http://www.loc.gov/standards/marcxml/schema/MARC21slim.xsd"
    xmlns="http://www.loc.gov/MARC21/slim">

  <leader>00532nam a2200181Ia 4500</leader>
  <controlfield tag="008">230718s9999    xx            000 0 und d</controlfield>
  <datafield tag="020" ind1=" " ind2=" ">
    <subfield code="a">9788181476524</subfield>
  </datafield>
  <datafield tag="041" ind1=" " ind2=" ">
    <subfield code="a">eng</subfield>
  </datafield>
  <datafield tag="082" ind1=" " ind2=" ">
    <subfield code="a">621.382'1</subfield>
    <subfield code="b">WAL</subfield>
  </datafield>
  <datafield tag="100" ind1=" " ind2=" ">
    <subfield code="a">Walrand J.</subfield>
    <subfield code="9">110034</subfield>
  </datafield>
  <datafield tag="245" ind1=" " ind2=" ">
    <subfield code="a">High-Performance Communication Networks </subfield>
  </datafield>
  <datafield tag="250" ind1=" " ind2=" ">
    <subfield code="a">2nd ed.</subfield>
  </datafield>
  <datafield tag="260" ind1=" " ind2=" ">
    <subfield code="c">2009</subfield>
    <subfield code="b">Morgan Kaufmann/Elsevier</subfield>
  </datafield>
  <datafield tag="300" ind1=" " ind2=" ">
    <subfield code="a">693</subfield>
    <subfield code="d">Ref 410 G (47325)</subfield>
  </datafield>
  <datafield tag="365" ind1=" " ind2=" ">
    <subfield code="c">Rs.</subfield>
    <subfield code="b">450.00</subfield>
  </datafield>
  <datafield tag="700" ind1=" " ind2=" ">
    <subfield code="a">Walrand J. &amp; Varaiya P.</subfield>
    <subfield code="9">110035</subfield>
  </datafield>
  <datafield tag="906" ind1=" " ind2=" ">
    <subfield code="d">O:0261824-Feb-2012B:282925-Jan-2012</subfield>
    <subfield code="c">IT</subfield>
    <subfield code="b">562.5</subfield>
  </datafield>
  <datafield tag="999" ind1=" " ind2=" ">
    <subfield code="c">330120</subfield>
    <subfield code="d">330120</subfield>
  </datafield>
  <datafield tag="952" ind1=" " ind2=" ">
    <subfield code="0">0</subfield>
    <subfield code="1">0</subfield>
    <subfield code="4">0</subfield>
    <subfield code="7">0</subfield>
    <subfield code="a">CCEP</subfield>
    <subfield code="b">CCEP</subfield>
    <subfield code="d">2012-02-23</subfield>
    <subfield code="e">Pradeep Book Distributors</subfield>
    <subfield code="f">IT</subfield>
    <subfield code="g">337.50</subfield>
    <subfield code="i">2829</subfield>
    <subfield code="l">1</subfield>
    <subfield code="o">621.382'1</subfield>
    <subfield code="p">CCEP-BK-41327</subfield>
    <subfield code="r">2024-10-21 00:00:00</subfield>
    <subfield code="s">2024-10-03</subfield>
    <subfield code="t">562.5</subfield>
    <subfield code="v">450.00</subfield>
    <subfield code="w">2012-01-25</subfield>
    <subfield code="y">BK</subfield>
    <subfield code="z">041327</subfield>
  </datafield>
</record>
